| 000 | 00518nam a2200181Ia 4500 | ||
|---|---|---|---|
| 008 | 230917s9999||||xx |||||||||||||| ||und|| | ||
| 020 | _cGBP55 | ||
| 040 |
_e241797 _aMAIN |
||
| 041 | _aEnglish | ||
| 082 | _a658.3 R271R(6) | ||
| 100 | _aReiche, B. Sebastian; ed. | ||
| 245 | 0 | _aReadings and cases in international human resource management | |
| 250 | _a6th ed. | ||
| 260 |
_aNew Yorl _bRoutledge _c2017 |
||
| 300 | _axxiii, 503 p. | ||
| 500 | _a2827 22/08/2017 APD17/1060111 24/08/2017 Main Budget | ||
| 942 | _cBK | ||
| 999 |
_c23638 _d23638 |
||